000
00284nam a22001217a 4500
008
170922b xxu||||| |||| 00| 0 eng d
041
_a
eng
080
_a
37
100
_a
46
101
_a
EDU
245
_a
MATERIALS FOR REMEDIAL READING AND THEIR USE
_c
GILLILAND,H
942
_2
udc
_c
BK
999
_c
29082
_d
29082